[Event "I Memorial Victor Hugo de Souza - ALEX 2017"]
[Site "Rio de Janeiro | BRA"]
[Date "2017.09.26"]
[Round "5.3"]
[White "Bandeira, Elias"]
[Black "Rolim, Carlos"]
[Result "1-0"]
[WhiteElo "2084"]
[BlackElo "1864"]

1. e4 c5 2. c3 d5 3. exd5 Qxd5 4. Nf3 Nc6 5. d4 Bg4 6. Nbd2 cxd4 7. cxd4 Nxd4
8. Qa4+ Nc6 9. Qxg4 Nf6 10. Qc4 Qa5 11. Qb5 Qc7 12. Be2 a6 13. Qb3 e6 14. O-O
Nd5 15. Ne4 h6 16. Bd2 Rd8 17. Rac1 Be7 18. Nc3 Nf6 19. Be3 Rd7 20. Rfd1 Rxd1+
21. Rxd1 Ng4 22. Bb6 Qb8 23. h3 Nf6 24. Qc4 O-O 25. Ne4 Nd5 26. Bc5 Na5 27.
Qa4 Bxc5 28. Nxc5 Qc7 29. Rc1 Nf4 30. Bf1 b5 31. Qe4 Nd5 32. Nb3 Qb6 33. Nxa5
Qxa5 34. a3 Rd8 35. Nd4 Qd2 36. Rc2 Qg5 37. Nf3 Qe7 38. b4 a5 39. Rc5 axb4 40.
axb4 Nf6 41. Qc2 Nd5 42. Qb3 Rb8 43. Rxb5 Rxb5 44. Bxb5 Nxb4 45. Qa3 Qd6 46.
Qa8+ Kh7 47. Qe4+ f5 48. Qe5 Qb6 49. Bc4 Nc6 50. Qxe6 Qb1+ 51. Kh2 Qb8+ 52. g3
Qa8 53. Bd5 Qa7 54. Qg8+ Kg6 55. Nh4+ Kg5 56. f4+ Kh5 57. Bf3# 1-0

[Event "I Memorial Victor Hugo de Souza - ALEX 2017"]
[Site "Rio de Janeiro | BRA"]
[Date "2017.09.26"]
[Round "5.4"]
[White "Da Costa, Carlos Henrique"]
[Black "Cruz, Jose Carlos"]
[Result "0-1"]
[WhiteElo "1688"]
[BlackElo "1879"]

1. Nf3 Nc6 2. d4 d5 3. Bf4 Nf6 4. e3 e6 5. c4 Bd6 6. Bxd6 cxd6 7. Nc3 dxc4 8.
Bxc4 d5 9. Be2 O-O 10. O-O Ne4 11. Rc1 a6 12. Nd2 Nd6 13. a3 Bd7 14. Nb3 b6
15. Bd3 f5 16. Ne2 g5 17. Nd2 Ne7 18. f4 g4 19. g3 Ng6 20. Rc2 b5 21. Nb3 Nc4
22. Qc1 h5 23. Nc5 Bc8 24. b3 Nd6 25. Qb2 Rf7 26. Nc3 Ne7 27. a4 b4 28. Ne2 a5
29. Rfc1 Ne4 30. Bb5 Kg7 31. Nxe4 fxe4 32. Rc7 Nf5 33. Qc2 Nxe3 34. Rxf7+ Kxf7
35. Qc7+ Qxc7 36. Rxc7+ Kf6 37. Rh7 Ba6 38. Rxh5 Bxb5 39. axb5 Rb8 40. b6 Rxb6
41. f5 Nxf5 42. Rh8 Ra6 43. Kf2 a4 44. bxa4 Rxa4 45. Rb8 e3+ 46. Kg2 Ra2 47.
Kf1 Ra1+ 48. Kg2 Rb1 49. h3 Rb2 50. Kf1 gxh3 51. Rc8 b3 52. g4 h2 53. Rh8
h1=Q+ 54. Rxh1 Rb1+ 55. Kg2 Rxh1 56. Kxh1 Nxd4 {#R} 0-1

[Event "I Memorial Victor Hugo de Souza - ALEX 2017"]
[Site "Rio de Janeiro | BRA"]
[Date "2017.09.26"]
[Round "5.5"]
[White "Pinon, Antonio"]
[Black "Rabello, David"]
[Result "1/2-1/2"]
[WhiteElo "1784"]
[BlackElo "1814"]

1. d4 Nf6 2. Nf3 g6 3. c4 Bg7 4. Nc3 d6 5. Bg5 O-O 6. e3 h6 7. Bh4 g5 8. Bg3
Nh5 9. Qc2 Nxg3 10. hxg3 Nc6 11. a3 e5 12. Ne4 Bf5 13. g4 Bg6 14. d5 Ne7 15.
Bd3 Qd7 16. Nh2 c6 17. Nc3 Bxd3 18. Qxd3 cxd5 19. cxd5 Rac8 20. e4 a6 21. f3
Ng6 22. g3 Rc7 23. Nf1 Rfc8 24. Ne3 Ne7 25. Kf2 b5 26. Rhc1 Rc5 27. Nc2 Qa7
28. Ke2 Qb6 29. Ne3 a5 30. b4 R5c7 31. Kd2 axb4 32. axb4 Qd4 33. Ne2 Qxb4+ 34.
Kd1 Rxc1+ 35. Rxc1 Rxc1+ 36. Nxc1 Nc8 37. Na2 Qc5 38. Nf5 Qg1+ 39. Kc2 Qc5+
40. Qc3 Nb6 41. Kb3 Bf8 42. Ne3 Na4 43. Qd2 Qb6 44. Nf5 Nc5+ 45. Kc2 Qa6 46.
Kb1 Qa3 47. Qc3 Qa4 48. Qc2 Qa3 49. Qc3 Qa4 50. Qc2 Qa3 {#d} 1/2-1/2

[Event "I Memorial Victor Hugo de Souza - ALEX 2017"]
[Site "Rio de Janeiro | BRA"]
[Date "2017.09.26"]
[Round "5.6"]
[White "Telek, Ian"]
[Black "Pereira, Emmanuel"]
[Result "1-0"]
[WhiteElo "1687"]
[BlackElo "1687"]

1. e4 d6 2. d4 e5 3. Nf3 exd4 4. Nxd4 Nf6 5. Nc3 a6 6. a4 Nbd7 7. Be2 Be7 8.
O-O Nc5 9. f3 O-O 10. Be3 Rb8 11. Qe1 Re8 12. g4 Kh8 13. Kh1 g6 14. g5 Nh5 15.
f4 Bh3 16. Rg1 Ng7 17. Qh4 Bc8 18. Rg3 h5 19. f5 Nxe4 20. Nxe4 Nxf5 21. Nxf5
Bxf5 22. Qf4 d5 23. Bd4+ Kg8 24. Nf6+ Kf8 25. Nxe8 Kxe8 26. Qd2 Bd6 27. Rb3 c5
28. Bf6 Qc7 29. Bf3 c4 30. Re3+ Kf8 31. Bxd5 Bc5 32. Ree1 Qb6 33. Bxc4 Qc6+
34. Qd5 {#r} 1-0

[Event "I Memorial Victor Hugo de Souza - ALEX 2017"]
[Site "Rio de Janeiro | BRA"]
[Date "2017.10.03"]
[Round "6.1"]
[White "Lima, Juarez"]
[Black "Loyola, Sidney"]
[Result "1-0"]
[WhiteElo "1949"]
[BlackElo "1823"]

1. e4 c6 2. Nf3 d5 3. exd5 cxd5 4. Be2 Bg4 5. O-O Nf6 6. d4 e6 7. Nbd2 Bd6 8.
h3 Bh5 9. c4 O-O 10. c5 Be7 11. Qc2 Nc6 12. a3 a5 13. Bb5 Qc7 14. Re1 Rfc8 15.
Bxc6 Qxc6 16. Qb3 Nd7 17. Qc3 a4 18. b4 axb3 19. Nxb3 b6 20. Ne5 Nxe5 21. Rxe5
Bg6 22. Bb2 bxc5 23. dxc5 Bxc5 24. Rc1 Bxf2+ 25. Kxf2 Qxc3 26. Bxc3 Rxa3 27.
Bb2 Rxc1 28. Nxc1 Ra4 29. Re2 Be4 30. Nb3 Ra2 31. g3 h5 32. Nc5 Bf5 33. h4 f6
34. Nb7 e5 35. Rd2 d4 36. Nd6 Bg6 37. Kf3 f5 38. Nc4 e4+ 39. Kf4 e3 40. Rxd4
e2 41. Bc3 Ra1 42. Ne5 Kh7 43. Kg5 e1=Q 44. Bxe1 Rxe1 45. Nxg6 Re3 46. g4 Rg3
47. Kxf5 Rf3+ 48. Ke4 hxg4 49. Ne5 Rh3 50. Nxg4 Rxh4 51. Kf5 Rh5+ 52. Kf4 Rh1
53. Rd7 Rf1+ 54. Kg5 Rg1 55. Kf5 Rf1+ 56. Ke6 Rf3 57. Ne5 Rf6+ 58. Kd5 Rf1 59.
Ke6 Rf6+ 60. Ke7 Rf5 61. Rd5 Rh5 62. Kf8 Rf5+ 63. Ke7 Rh5 64. Ke6 Rh6+ 65. Kf5
Rf6+ 66. Kg5 Rf1 67. Rd3 Rg1+ 68. Ng4 Rh1 69. Rd7 Rf1 70. Ne5 Rg1+ 71. Kf5
Rf1+ 72. Ke6 Rf6+ 73. Ke7 Rf5 74. Rd5 Rh5 75. Ke6 Rh6+ 76. Kf5 Rf6+ 77. Kg5
Rf1 78. Rd2 Rg1+ 79. Kh4 Re1 80. Nf3 Re4+ 81. Kh5 Re3 82. Ng5+ {#r} 1-0

[Event "I Memorial Victor Hugo de Souza - ALEX 2017"]
[Site "Rio de Janeiro | BRA"]
[Date "2017.10.03"]
[Round "6.3"]
[White "Mesquita, Jose Carlos"]
[Black "Murilo, Sergio"]
[Result "1-0"]
[WhiteElo "1958"]
[BlackElo "1953"]

1. e4 e6 2. d4 d5 3. Nc3 dxe4 4. Nxe4 Nd7 5. Bd3 Ngf6 6. Qe2 Nxe4 7. Bxe4 Nf6
8. Bxb7 Bd7 9. Bxa8 Qxa8 10. Nf3 Bc6 11. Bf4 Qb7 12. b3 Nd5 13. Bd2 Nb4 14.
Bxb4 Bxb4+ 15. Kf1 Bc3 16. Rd1 O-O 17. a4 Be4 18. Ne1 Rd8 19. Qb5 Qa8 20. f3
Bc6 21. Qc5 Bxe1 22. Kxe1 Bxf3 23. gxf3 Qxf3 24. Kd2 Qf4+ 25. Kc3 Rd5 26. Qxa7
g6 27. h4 c5 28. Rhf1 Qe3+ 29. Kb2 f5 30. Qe7 cxd4 31. Rfe1 Qc3+ 32. Kb1 Rc5
33. Qxe6+ Kg7 34. Qe7+ Kg8 35. Qe8+ Kg7 36. Qe2 Rc7 37. Qe5+ Kg8 38. Qe8+ Kg7
39. Re7+ Kh6 40. Rxc7 Qxc7 41. Rxd4 Qc5 42. Qe3+ {#r} 1-0

[Event "I Memorial Victor Hugo de Souza - ALEX 2017"]
[Site "Rio de Janeiro | BRA"]
[Date "2017.10.03"]
[Round "6.4"]
[White "Rolim, Carlos"]
[Black "Pinon, Antonio"]
[Result "1-0"]
[WhiteElo "1864"]
[BlackElo "1784"]

1. d4 d5 2. c4 e5 3. dxe5 d4 4. Nf3 Nc6 5. a3 f6 6. exf6 Qxf6 7. Bg5 Qg6 8.
Bf4 Qf7 9. Bg3 Bg4 10. Nbd2 O-O-O 11. Ne5 Qe6 12. Nxg4 Qxg4 13. e4 Qxd1+ 14.
Rxd1 Nge7 15. Bd3 Ng6 16. Nf3 Bd6 17. Bxd6 Rxd6 18. c5 Rf6 19. O-O Nge5 20.
Nxe5 Nxe5 21. Bb1 Rd8 22. b3 g5 23. h3 h5 24. f3 h4 25. Rd2 Rc6 26. b4 b5 27.
Rfd1 Ra6 28. Bd3 c6 29. Ra1 Nc4 30. Rda2 Ne5 31. Rd1 Kd7 32. Bc2 Ke7 33. a4
bxa4 34. Rxa4 Rxa4 35. Bxa4 d3 36. Kf2 Rb8 37. Rb1 Nc4 38. Ke1 Rd8 39. Bxc6
d2+ 40. Ke2 Nb2 41. Bd5 d1=Q+ 42. Rxd1 Nxd1 43. Kxd1 Rb8 44. Kd2 Rxb4 45. Kd3
Rb2 46. e5 Rxg2 47. Ke4 Rg3 48. c6 Rxh3 49. c7 Kd7 50. Be6+ Kxc7 51. Bxh3 a5
52. e6 Kd6 53. Kd4 {#r} 1-0

[Event "I Memorial Victor Hugo de Souza - ALEX 2017"]
[Site "Rio de Janeiro | BRA"]
[Date "2017.10.03"]
[Round "6.5"]
[White "Rabello, David"]
[Black "Telek, Ian"]
[Result "0-1"]
[WhiteElo "1814"]
[BlackElo "1687"]

1. e4 c5 2. Nf3 e6 3. c3 Nf6 4. e5 Nd5 5. Be2 Nc6 6. O-O d6 7. d4 cxd4 8. cxd4
Be7 9. Nc3 Nxc3 10. bxc3 dxe5 11. Nxe5 Nxe5 12. dxe5 O-O 13. Qc2 Qc7 14. Bf4
b6 15. Bd3 h6 16. Rfe1 Bb7 17. Re3 g5 18. Rg3 Kh8 19. Qe2 Kg7 20. Rc1 Rh8 21.
Be3 Rag8 22. h4 Kf8 23. h5 Qxe5 24. Qd2 Bc5 25. Bc4 Ke7 26. Bxc5+ Qxc5 27. Be2
Rd8 28. Rd3 Rxd3 29. Qxd3 Qd5 30. Qxd5 Bxd5 31. c4 Rc8 32. a3 b5 33. c5 a6 34.
f3 Kd7 35. Kf2 Kc6 36. Ke3 e5 37. Bd3 a5 38. Rb1 Rb8 39. a4 b4 40. Rc1 Kc7 41.
Bb5 Bc6 42. Bxc6 Kxc6 43. Ke4 b3 44. Kxe5 b2 45. Rb1 Kxc5 {#R} 0-1

[Event "I Memorial Victor Hugo de Souza - ALEX 2017"]
[Site "Rio de Janeiro | BRA"]
[Date "2017.10.03"]
[Round "6.6"]
[White "Von Calmbach, Guilherme"]
[Black "Da Costa, Carlos Henrique"]
[Result "0-1"]
[WhiteElo "1721"]
[BlackElo "1688"]

1. d4 Nf6 2. Bf4 b6 3. Nf3 Bb7 4. e3 e6 5. Be2 Be7 6. Bd3 O-O 7. h3 d6 8. Nbd2
Nbd7 9. g4 d5 10. c3 Ne4 11. Qc2 f5 12. Ne5 Bh4 13. Nxe4 fxe4 14. Bb5 Nxe5 15.
dxe5 c6 16. Be2 Rf7 17. Rf1 Qe7 18. O-O-O c5 19. c4 Rd8 20. f3 d4 21. fxe4
dxe3 22. Rxd8+ Qxd8 23. Rd1 Rd7 24. Bxe3 Rxd1+ 25. Bxd1 Bg3 26. Bf3 Bxe5 27.
Qd2 Qh4 28. Bg2 h6 29. Kc2 Bc6 30. Bf4 Bd4 31. Be3 e5 32. b4 Ba4+ 33. Kb1 Qg3
34. Bxd4 cxd4 35. c5 bxc5 36. bxc5 Bb5 37. a4 Qb3+ 38. Qb2 Qd1+ 39. Qc1 Qxa4
40. Bf1 Qb3+ 41. Ka1 Bxf1 42. Qxf1 Qc3+ 43. Ka2 Qxc5 44. Qa6 Qc2+ 45. Ka3 Qxe4
{ Planilha ilegivel} {#R} 0-1